SYNCHRONOUS MOTOR DRIVE WITH PRESCRIBED CLOSED-LOOP SPEED DYNAMICS EMPLOYING A TWO-PHASE OSCILLATOR

Bibliographic Details
Main Authors: Vittek, Ján, 1944- (Author), Stephen J. Dodds (Author), Utkin, Viktor (Author)
Format: Article
Language:English
ISBN:8096724932

MARC

LEADER 00000naa a2200000uu 4500
001 vtls010955324
003 SK-MaSNL
005 20260302140319.0
008 210905|1996 xo |||||||||||||||||eng|
015 |a SNBRA 
035 |a (urnnbn)urn:nbn:sk:snk:ar-a0bn41 
035 |a (uuid)d2ac6bd2-9a20-4487-b475-3c9d19c908a1 
035 |a urn:nbn:sk:snk-aauf28 
040 |a SNKBUCL  |b slo  |c SNKBUCL  |e AACR2 
041 0 |a eng 
044 |a xo  |c SK 
100 1 |a Vittek, Ján,  |d 1944-  |4 aut  |9 210342 
245 1 0 |a SYNCHRONOUS MOTOR DRIVE WITH PRESCRIBED CLOSED-LOOP SPEED DYNAMICS EMPLOYING A TWO-PHASE OSCILLATOR  |c Ján Vittek, Viktor Utkin, Stephen J. Dodds 
700 1 |a Stephen J. Dodds  |4 aut  |9 826404 
700 1 |a Utkin, Viktor  |4 aut  |9 826407 
773 0 |t International conference on Electrical drives and power electronics  |d Košice : Vienala, 1996  |g S. 209-216  |z 8096724932 
958 |a OND 
958 |a article11 
958 |a chapter 
999 |c 1330161  |d 1332091